Представление документа в формате MARC21

Поле Инд. ПП Название Значение
Тип записи a
Библиографический уровень b
001 Контрольный номер UNIDUBNA2da4f92d98a2488dbb569b7ebae56a8a
005 Дата корректировки 20221221164938.6
084 a Индекс другой классификации/Индекс ББК 88.91; 88.92; 88.93; 88.94
100 1_ a Автор Романова Ю. С.
245 10 a Заглавие Работа психолога с получателями социальных услуг пожилого возраста
500 a Примечание Тема номера: Практика социально-психологической помощи получателям услуг социального обслуживания
520 0_ a Аннотация Психологическая поддержки людей пожилого возраста разделена на три главных блока: диагностический, консультативный, психокоррекционный и психотерапевтический.
650 04 a Основная рубрика практическая психология (прикладная психология)
a Основная рубрика психодиагностика
a Основная рубрика психокоррекция
a Основная рубрика психологическое консультирование
a Основная рубрика психология
a Основная рубрика психотерапия
653 0_ a Ключевые слова арт-терапия
a Ключевые слова гештальт-терапия
a Ключевые слова групповые тренинги
a Ключевые слова изотерапия
a Ключевые слова инвалиды
a Ключевые слова куклотерапия
a Ключевые слова методика реабилитации
a Ключевые слова музыкальная терапия
a Ключевые слова ограниченные возможности здоровья
a Ключевые слова патопсихологическая диагностика
a Ключевые слова песочная терапия
a Ключевые слова пластилинотерапия
a Ключевые слова пожилые люди
a Ключевые слова проективные методики
a Ключевые слова психодрама
a Ключевые слова психологическая поддержка
a Ключевые слова психологическое тестирование
a Ключевые слова психосоциальная реабилитация
a Ключевые слова психоэмоциональная реабилитация
a Ключевые слова реабилитационные центры
a Ключевые слова Россия
a Ключевые слова символдрама
a Ключевые слова сказкотерапия
a Ключевые слова социальная помощь
a Ключевые слова социальная реабилитация
a Ключевые слова социальное обслуживание
a Ключевые слова социально-психологические услуги
a Ключевые слова социокультурная вовлеченность
a Ключевые слова танцевально-двигательная терапия
a Ключевые слова цветотерапия
773 18 t Заглавие источника Работник социальной службы
d Дата издания источника 2021
g Прочая информация № 12. - С. 54 - 67 : табл.
w Контрольный № источника UNIDUBNA3eacbe3273434e31b3650adda3feb0fe
901 t Тип документа b